Tom Clancy / Jack Ryan Franchise - Statistics

General Stats
  • This quiz has been taken 37 times
  • The average score is 30 of 193
Answer Stats
Type Year Name Info % Correct
Novel 1984 The Hunt for Red October Tom Clancy
81%
Video Game 1987 The Hunt for Red October Argus Press Software
81%
Video Game 1990 The Hunt for Red October Grandslam Interactive
81%
Film 1990 The Hunt for Red October Paramount
81%
Video Game 1991 The Hunt for Red October Hi-Tech Expressions
81%
Novel 1989 Clear and Present Danger Tom Clancy
73%
Film 1994 Clear and Present Danger Paramount
73%
Novel 1987 Patriot Games Tom Clancy
73%
Film 1992 Patriot Games Paramount
73%
Video Game 1998 Rainbow Six Red Storm Entertainment
73%
Novel 1998 Rainbow Six Tom Clancy
73%
Novel 1991 The Sum of All Fears Tom Clancy
69%
Video Game 2002 The Sum of All Fears Ubisoft
69%
Film 2002 The Sum of All Fears Paramount / United International Pictures
69%
Web Series 2018-Present Jack Ryan Amazon Prime Video
54%
Novel 1986 Red Storm Rising Tom Clancy
54%
Video Game 1988 Red Storm Rising MicroPose
54%
Novel 1988 The Cardinal of the Kremlin Tom Clancy
54%
Novel 1994 Debt of Honor Tom Clancy
46%
Video Game 2001 Ghost Recon Ubisoft
46%
Novel 2008 Ghost Recon David Michaels
46%
Video Game 2010 Ghost Recon Ubisoft
46%
Novel 1996 Executive Orders Tom Clancy
42%
Video Game 2015 Rainbow Six Siege Ubisoft
42%
Novel 1993 Without Remorse Tom Clancy
42%
Film 2020 Without Remorse Paramount
42%
Video Game 2017 Ghost Recon Wildlands Ubisoft
38%
Novel 2017 Ghost Recon Wildlands: Dark Waters Richard Dansky
38%
Novel 2000 The Bear and the Dragon Tom Clancy
38%
Video Game 2002 Splinter Cell Ubisoft / Aspyr Media
35%
Novel 2004 Splinter Cell David Michaels / Raymond Benson / Tom Clancy
35%
Film 2014 Jack Ryan: Shadow Recruit Paramount
31%
Novel 2002 Red Rabbit Tom Clancy
31%
Video Game 2019 Ghost Recon Breakpoint Ubisoft
27%
Video Game 1996 SSN Simon & Schuster Interactive
27%
Novel 1996 SSN Tom Clancy / Martin H. Greenberg
27%
Video Game 2016 The Division Ubisoft
27%
Video Game 1991 Cardinal of the Kremlin IntraCorp
23%
Novel 2010 Dead or Alive Tom Clancy / Grant Blackwood
23%
Video Game 2019 The Division 2 Ubisoft
23%
Video Game 2009 H.A.W.X Ubisoft
19%
Novel 2009 H.A.W.X David Michaels
19%
Novel 2011 Locked On Tom Clancy / Mark Greaney
19%
Novel 1999 Net Force Tom Clancy
19%
Video Game 2006 Rainbow Six: Vegas Ubisoft
19%
Video Game 2008 Rainbow Six: Vegas 2 Ubisoft
19%
Novel 2003 The Teeth of the Tiger Tom Clancy
19%
Novel 2012 Threat Vector Tom Clancy / Mark Greaney
19%
Novel 2013 Command Authority Tom Clancy / Mark Greaney
15%
Video Game 2008 EndWar Ubisoft
15%
Novel 2008 EndWar David Michaels
15%
Novel 2011 Against All Enemies Tom Clancy / Peter Telep
12%
Novel 2015 Commander in Chief Mark Greaney
12%
Novel 2014 Full Force and Effect Mark Greaney
12%
Video Game 2006 Ghost Recon Advanced Warfighter Ubisoft
12%
Video Game 2012 Ghost Recon: Commander Ubisoft
12%
Video Game 2012 Ghost Recon: Future Soldier Ubisoft
12%
Novel 2018 Line of Sight Mike Maden
12%
Novel 2017 Point of Contact Mike Maden
12%
Novel 2017 Power and Empire Marc Cameron
12%
Video Game 1999 Rainbow Six: Rogue Spear Red Storm Entertainment / Ubisoft
12%
Video Game 2013 Splinter Cell: Blacklist Ubisoft
12%
Video Game 2005 Splinter Cell: Chaos Theory Ubisoft
12%
Novel 2009 Splinter Cell: Conviction David Michaels / Tom Clancy
12%
Video Game 2010 Splinter Cell: Conviction Ubisoft
12%
Video Game 2006 Splinter Cell: Double Agent Ubisoft
12%
Video Game 2004 Splinter Cell: Pandora Tomorrow Ubisoft
12%
Comic Book 2006 Splinter Cell: Pandora Tomorrow Penny Arcade / Ubisoft
12%
Non-Fiction Book 1993 Submarine: A Guided Tour Inside a Nuclear Warship Tom Clancy / John D. Gresham
12%
Novel 2014 Support and Defend Mark Greaney
12%
Novel 2016 True Faith and Allegiance Mark Greaney
12%
Novel 2015 Under Fire Grant Blackwood
12%
Novel 2003 Zero Hour Jerome Preisler
12%
Non-Fiction Book 1997 Airborne Tom Clancy
8%
Novel 2004 Call to Treason Jeff Rovin
8%
Novel 2000 Divide and Conquer Jeff Rovin
8%
Novel 2016 Duty and Honor Grant Blackwood
8%
Novel 2019 Enemy Contact Mike Maden
8%
Non-Fiction Book 1999 Every Man a Tiger Tom Clancy
8%
Video Game 2004 Ghost Recon 2 Ubisoft
8%
Video Game 2007 Ghost Recon Advanced Warfighter 2 Ubisoft
8%
Video Game Expansion Pack 2002 Ghost Recon: Desert Siege Ubisoft
8%
Non-Fiction Book 1997 Into the Storm: On the Ground in Iraq Tom Clancy
8%
Non-Fiction Book 1996 Marine: A Guided Tour of a Marine Expeditionary Unit Tom Clancy
8%
Novel 1995 Mirror Image Jeff Rovin
8%
Novel 1999 Night Moves Tom Clancy
8%
Novel 2018 Oath of Office Marc Cameron
8%
Novel 1995 Op-Center Jeff Rovin
8%
TV Film 1995 Op Center NBC
8%
Novel 2001 Point of Impact Tom Clancy
8%
Video Game 1997 Politika Red Storm Entertainment
8%
Novel 1997 Politika Jerome Preisler
8%
Video Game 2003 Rainbow Six 3: Raven Shield Ubisoft
8%
Video Game Expansion Pack 2000 Rainbow Six: Rogue Spear Mission Pack Urban Operations Red Storm Entertainment / Ubisoft
8%
Non-Fiction Book 2001 Special Forces: A Guided Tour of U.S. Army Special Forces Tom Clancy
8%
Video Game 2006 Splinter Cell: Essentials Ubisoft
8%
Novel 1996 Acts of War Jeff Rovin
4%
Novel 1998 Balance of Power Jeff Rovin
4%
Non-Fiction Book 2004 Battle Ready Tom Clancy / Anthony Zinni
4%
Novel 2000 Bio-Strike Jerome Preisler
4%
Novel 2000 Breaking Point Tom Clancy
4%
Non-Fiction Book 1999 Carrier: A Guided Tour of an Aircraft Carrier Tom Clancy
4%
Novel 2003 Changing of the Guard Tom Clancy
4%
Novel 2002 Cloak and Dagger John Helfers / Russel Davis
4%
Novel 2019 Code of Honor Marc Cameron
4%
Novel 2013 Code War Tom Clancy
4%
Novel 2001 Cold Case Bill McCay
4%
Novel 2001 Cold War Jerome Preisler
4%
Novel 2002 Cutting Edge Jerome Preisler
4%
Novel 2001 CyberNation Tom Clancy
4%
Novel 1999 Cyberspy Bill McCay
4%
Novel 2019 Dark Web Tom Clancy
4%
Novel 2017 Dark Zone Jeff Rovin / George Galdorisi
4%
Novel 2001 Death Match Diane Duane
4%
Novel 2001 Deathworld Diane Duane
4%
Novel 2000 Duel Identity Bill McCay
4%
Novel 1998 End Game Diane Duane
4%
Novel 2020 Eye of the Drone Jerome Preisler
4%
Non-Fiction Book 1995 Fighter Wing: A Guided Tour of an Air Force Combat Wing Tom Clancy / John D. Gresham
4%
Novel 2018 For Honor Jeff Rovin
4%
Novel 2000 Gameprey Mel Odom
4%
Novel 1996 Games of State Jeff Rovin
4%
Video Game Expansion Pack 2005 Ghost Recon 2: Summit Strike Ubisoft
4%
Video Game 2002 Ghost Recon: Island Thunder Ubisoft
4%
Video Game Expansion Pack 2004 Ghost Recon: Jungle Storm Ubisoft
4%
Video Game 2014 Ghost Recon Phantoms Ubisoft
4%
Video Game 2010 Ghost Recon Recon Predator Ubisoft
4%
Video Game 2011 Ghost Recon: Shadow Wars Ubisoft
4%
Novel 2020 God of War Jeff Rovin
4%
Video Game 2010 H.A.W.X 2 Ubisoft
4%
Novel 2001 High Wire Mel Odom
4%
Novel 2015 Into the Fire Dick Couch / George Galdorisi
4%
Novel 2001 Line of Control Jeff Rovin
4%
Novel 2002 Mission of Honor Jeff Rovin
4%
Novel 1999 One Is the Loneliest Number Diane Duane
4%
Novel 2014 Out of the Ashes Dick Couch / George Galdorisi
4%
Novel 2000 Private Lives Bill McCay
4%
Video Game 2006 Rainbow Six: Critical Hour Ubisoft
4%
Video Game 2006 Rainbow Six: Lockdown Ubisoft
4%
Video Game 2002 Rainbow Six: Lone Wolf Red Storm Entertainment / Rebellion Developments
4%
Video Game Expansion Pack 1999 Rainbow Six Mission Pack: Eagle Watch Red Storm Entertainment
4%
Video Game Expansion Pack 2001 Rainbow Six: Rogue Spear Black Thorn Red Storm Entertainment / Ubisoft
4%
Video Game 2001 Rainbow Six: Take-Down - Missions in Korea Kama Digital Entertainment
4%
Novel 2001 Runaways Diane Duane
4%
Video Game 1998 Ruthless.com Red Storm Entertainment
4%
Novel 1998 Ruthless.com Jerome Preisler
4%
Novel 2000 Safe House Diane Duane
4%
Novel 2016 Scorched Earth George Galdorisi
4%
Novel 2003 Sea of Fire Jeff Rovin
4%
Cancelled Novel 2012 Search and Destroy Tom Clancy / Peter Telep
4%
Novel 2000 Shadow of Honor Mel Odom
4%
Non-Fiction Book 2002 Shadow Warriors: Inside the Special Forces Tom Clancy / Carl Stiner / Tony Koltz
4%
Novel 1999 Shadow Watch Jerome Preisler
4%
Video Game 2000 Shadow Watch Red Storm Entertainment
4%
Novel 2006 Splinter Cell: Checkmate David Michaels / Tom Clancy
4%
Novel 2009 Splinter Cell: Endgame Grant Blackwood / Tom Clancy
4%
Novel 2005 Splinter Cell: Operation Baracuda David Michaels / Tom Clancy
4%
Novel 2005 Springboard Tom Clancy
4%
Novel 1999 State of Siege Jeff Rovin
4%
Novel 2003 State of War Tom Clancy
4%
Novel 2019 Sting of the Wasp Jeff Rovin
4%
Novel 2005 The Archimedes Effect Tom Clancy
4%
Novel 1999 The Deadliest Game Diane Duane
4%
Novel 2000 The Great Race Bill McCay
4%
Novel 1999 The Ultimate Escape Mark Cerashi
4%
Novel 1998 Virtual Vandals Diane Duane
4%
Novel 2005 War of Eagles Jeff Rovin
4%
Novel 2004 Wild Card Jerome Preisler
4%
Non-Fiction Book 1994 Armored Cav Tom Clancy
0%
Novel 2011 EndWar: The Hunted David Michaels
0%
Novel 2013 EndWar: The Missing Peter Telep
0%
Novel 2020 Firing Point Mike Maden
0%
Short Film 2012 Ghost Recon: ALPHA Ubisoft
0%
Novel 2012 Ghost Recon: Choke Point Peter Telep
0%
Novel 2011 Ghost Recon: Combat Ops David Michaels
0%
Novel 1999 Hidden Agendas Tom Clancy
0%
Cancelled Video Game 2014 Rainbow 6: Patriots Ubisoft
0%
Video Game Expansion Pack 2004 Rainbow Six 3: Athena Sword Ubisoft
0%
Video Game 2004 Rainbow Six 3: Black Arrow Ubisoft
0%
Video Game Expansion Pack 2005 Rainbow Six 3: Iron Wrath Ubisoft
0%
Video Game 2003 Rainbow Six: Broken Wing Ubisoft
0%
Video Game 2020 Rainbow Six Quarantine Ubisoft
0%
Video Game Expansion Pack 2000 Rainbow Six: Rogue Spear Covert Ops Essentials Red Storm Entertainment / Ubisoft
0%
Video Game 2011 Rainbow Six: Shadow Vanguard Gameloft
0%
Video Game 2003 Rainbow Six: Urban Crisis Red Storm Entertainment
0%
Novel 2013 Splinter Cell: Blacklist Aftermath Peter Telep
0%
Comic Book 2010 Splinter Cell: Digging in the Ashes Ubisoft
0%
Comic Book 2014 Splinter Cell: Echoes Ubisoft
0%
Novel 2007 Splinter Cell: Fallout David Michaels / Raymond Benson / Tom Clancy
0%
Novel 2019 The Division: Broken Dawn Alex Irvine
0%
Comic Book 2019 The Division: Extreme Malis Dark Horse Comics
0%
Novel 2016 The Division: New York Collapse Alex Irvine
0%
Writings Collection 1992 The Tom Clancy Companion Tom Clancy
0%
No matching quizzes found
Score Distribution
Percent of People with Each Score
Percentile by Number Answered
Your Score History
You have not taken this quiz